<?xml version="1.0" encoding="UTF-8"?>
<record
    xmlns:xsi="http://www.w3.org/2001/XMLSchema-instance"
    xsi:schemaLocation="http://www.loc.gov/MARC21/slim http://www.loc.gov/standards/marcxml/schema/MARC21slim.xsd"
    xmlns="http://www.loc.gov/MARC21/slim">

  <leader>01048    a2200157   4500</leader>
  <controlfield tag="003">NUST</controlfield>
  <controlfield tag="005">20230102173851.0</controlfield>
  <datafield tag="040" ind1=" " ind2=" ">
    <subfield code="c">Nust</subfield>
  </datafield>
  <datafield tag="082" ind1=" " ind2=" ">
    <subfield code="a">371.425,ROS</subfield>
  </datafield>
  <datafield tag="100" ind1=" " ind2=" ">
    <subfield code="a">K. Adlard Coles</subfield>
    <subfield code="9">106653</subfield>
  </datafield>
  <datafield tag="245" ind1=" " ind2=" ">
    <subfield code="a">Ross careers book :</subfield>
    <subfield code="b">Part I to IX /</subfield>
    <subfield code="c">Edited by K. Adlard Coles</subfield>
  </datafield>
  <datafield tag="260" ind1=" " ind2=" ">
    <subfield code="b">Robert ross and co ltd</subfield>
    <subfield code="c">1840</subfield>
  </datafield>
  <datafield tag="300" ind1=" " ind2=" ">
    <subfield code="a">viii,64 p.;</subfield>
  </datafield>
  <datafield tag="505" ind1=" " ind2=" ">
    <subfield code="a">Preface (Page-3), Qualities Necessary for the Making of a Good Advertising Man (Page-5), Inside An Advertising Agency (Page-8), The Accounts Executive (Page-12), The Research and Statistical Executive (Page-14), The Copy-Writer (Page-17), The Artist and Layout Man (Page-19), The Production Executive (Page-22), The Space Buyer (Page-24), The Film Publicity Expert (Page-26), Radio and Television (Page-28), The Advertising Manager (Page-31), The Advertisement Manager (Page-34),  Women in Advertising (Page-37), How to Enter Advertising (Page-40), Examination in Advertising (Page-430, Bibliography (Page-48), The Structure of Advertising (Page-51).</subfield>
  </datafield>
  <datafield tag="942" ind1=" " ind2=" ">
    <subfield code="2">ddc</subfield>
    <subfield code="c">BK</subfield>
    <subfield code="k">371.425,ROS</subfield>
  </datafield>
  <datafield tag="999" ind1=" " ind2=" ">
    <subfield code="c">193924</subfield>
    <subfield code="d">193924</subfield>
  </datafield>
  <datafield tag="952" ind1=" " ind2=" ">
    <subfield code="0">0</subfield>
    <subfield code="1">0</subfield>
    <subfield code="2">ddc</subfield>
    <subfield code="4">0</subfield>
    <subfield code="7">0</subfield>
    <subfield code="a">MCS</subfield>
    <subfield code="b">MCS</subfield>
    <subfield code="c">GEN</subfield>
    <subfield code="d">2016-12-12</subfield>
    <subfield code="o">371.425,ROS</subfield>
    <subfield code="p">MCS30150</subfield>
    <subfield code="r">2016-12-08</subfield>
    <subfield code="w">2016-12-12</subfield>
    <subfield code="y">BK</subfield>
    <subfield code="z">Almirah No.54, Shelf No.3</subfield>
  </datafield>
</record>
